Select stalwarts of hindustani classical music / (Record no. 102130)

MARC details
000 -LEADER
fixed length control field 00995nam a22002417a 4500
005 - DATE AND TIME OF LATEST TRANSACTION
control field 20170622113149.0
010 ## - LCCN (DPL NO)
LC control number 1617EN ENG-118776
020 ## - INTERNATIONAL STANDARD BOOK NUMBER
International Standard Book Number 9788123777771
Terms of availability 170.00
035 ## - SYSTEM CONTROL NUMBER
System control number B-648532-540
035 ## - SYSTEM CONTROL NUMBER
System control number EN-102308
035 ## - SYSTEM CONTROL NUMBER
System control number B-664759
037 ## - SOURCE OF ACQUISITION
Source of stock number/acquisition Star
Stock number dpl
037 ## - SOURCE OF ACQUISITION
Source of stock number/acquisition DBAD/PUB
082 ## - DEWEY DECIMAL CLASSIFICATION NUMBER
Classification number 780.92254
100 ## - MAIN ENTRY--PERSONAL NAME
Personal name Vasudev, Uma
245 ## - TITLE STATEMENT
Title Select stalwarts of hindustani classical music /
Statement of responsibility, etc by Uma Vasudev
260 ## - PUBLICATION, DISTRIBUTION, ETC. (IMPRINT)
Place of publication, distribution, etc New Delhi
Name of publisher, distributor, etc National Book Trust
Date of publication, distribution, etc 2015
270 ## - ADDRESS
Address Nehru Bhawan, 5,Institutional Area, Phase -II,
City New Delhi
Postal code 110070
300 ## - PHYSICAL DESCRIPTION
Extent 149p.
Dimensions 21cm(pbk)
Other physical details photos
942 ## - ADDED ENTRY ELEMENTS (KOHA)
Source of classification or shelving scheme Dewey Decimal Classification
Item type English Books
Classification part 780.92254
Call number suffix VAS
Holdings
Withdrawn status Lost status Not for loan Collection code Home library Current library Date acquired Source of acquisition Cost, normal purchase price Full call number Barcode Copy number Cost, replacement price Koha item type
      Non-fiction Ashok Vihar Ashok Vihar 29/05/2017 BPPD/EN/2016-17/AV/16-17/471/15.2.2017/SP/2241A/25.2.2017/ 6.3.2017 170.00 780.92254 VAS B-664759 1 170.00 English Books
      Non-fiction Bawana Bawana 05/04/2017 BPPD/EN/2016-17/305/24.11.2016/SP/2166/7.12.2016/2.1.2017 170.00 780.92254 VAS B-648536 1 170.00 English Books
      Non-fiction Bawana Bawana 05/04/2017 BPPD/EN/2016-17/305/24.11.2016/SP/2166/7.12.2016/2.1.2017 170.00 780.92254 VAS B-648538 1 170.00 English Books
      Non-fiction Bawana Bawana 22/06/2017 DBAD/PUB 170.00 780.92254 VAS EN-102308 1 170.00 English Books
      Non-fiction Central Library Central Library 05/04/2017 BPPD/EN/2016-17/305/24.11.2016/SP/2166/7.12.2016/2.1.2017 170.00 780.92254 VAS B-648532 1 170.00 English Books
      Non-fiction Narela Narela 05/04/2017 BPPD/EN/2016-17/305/24.11.2016/SP/2166/7.12.2016/2.1.2017 170.00 780.92254 VAS B-648537 1 170.00 English Books
      Non-fiction Patel Nagar Patel Nagar 05/04/2017 BPPD/EN/2016-17/305/24.11.2016/SP/2166/7.12.2016/2.1.2017 170.00 780.92254 VAS B-648533 1 170.00 English Books
      Non-fiction R.K.Puram-8 R.K.Puram-8 05/04/2017 BPPD/EN/2016-17/305/24.11.2016/SP/2166/7.12.2016/2.1.2017 170.00 780.92254 VAS B-648535 1 170.00 English Books
      Non-fiction Sarojini Nagar Sarojini Nagar 05/04/2017 BPPD/EN/2016-17/305/24.11.2016/SP/2166/7.12.2016/2.1.2017 170.00 780.92254 VAS B-648534 1 170.00 English Books
      Non-fiction Shahdara Branch Shahdara Branch 05/04/2017 BPPD/EN/2016-17/305/24.11.2016/SP/2166/7.12.2016/2.1.2017 170.00 780.92254 VAS B-648539 1 170.00 English Books
      Non-fiction Yojana Vihar Yojana Vihar 05/04/2017 BPPD/EN/2016-17/305/24.11.2016/SP/2166/7.12.2016/2.1.2017 170.00 780.92254 VAS B-648540 1 170.00 English Books

© Delhi Public Library
Hit Counter
free hit counter